000 00331nam a2200145Ia 4500
008 230711s9999||||xx |||||||||||||| ||und||
041 _aENG
082 _a621
_bZH-C
100 _aZhilun,XU
245 0 _aApplied elasticity
250 _a1st
260 _c1991
_aNew Delhi
_bWiley Eastern Limited
650 _aPhysics
942 _cBK
999 _c2717
_d2717